000 00656nam a22001695i 4500
001 170565
003 ES-MaACL
005 20230906214411.0
008 090317s1919 fr |||| | fre d
080 _a821.133.1-2"19"
100 1 _aFeydeau, Georges.
_950653
245 1 3 _aLa dame de chez Maxim
_b: pièce en trois actes : acte II (suite) et acte III /
_cpar Georges Feydeau.
260 _a[Paris :
_bL'Illustration,
_c1919]
300 _aP-41-74 p. :
_bil. ;
_c30 cm.
500 _aPublicado en: La Petite Illustration Théatrale, nouvelle serie nº 3, 17 mai 1919.
852 _aES-MaACL
_j2278-F-9
_9R.141183
_z.- Biblioteca Jacinto Martínez Lacalle
999 _c170565
_d170565